أسرار اللغة الانجليزية / (رقم التسجيلة. 147372)
[ عرض عادي ]
| 000 -الفاتح | |
|---|---|
| عناصر البيانات ثابتة الطول | 00636nam a22001937a 4500 |
| 005 - تاريخ ووقت آخر معاملة | |
| حقل ضبط | 20251108180010.0 |
| 008 - عناصر البيانات ثابتة الطول | |
| عناصر البيانات ثابتة الطول | 250721s2025 ua gr 000 0 ara d |
| 020 ## - الترقيم الدولي المعياري للكتب (ردمك) | |
| الترقيم الدولي المعياري للكتب (ردمك) | 9789773567989 |
| 041 0# - كود اللغة | |
| كود اللغة لنص/مسار صوت أو عنوان منفصل | ara |
| -- | eng |
| 082 14 - رقم تصنيف ديوي العشري | |
| رقم التصنيف | 420 |
| رقم المادة | ت و ف |
| 100 1# - مدخل رئيسي – اسم شخصي | |
| الاسم الشخصي | توفيق، خالد |
| علاقة الشخص بالعمل/ دوره | مؤلف. |
| 245 10 - بيان العنوان | |
| العنوان | أسرار اللغة الانجليزية / |
| بيان المسؤولية | تأليف خالد توفيق. |
| 250 ## - بيان الطبعة | |
| بيان الطبعة | الطبعة الأولى. |
| 264 31 - بيانات النشر، التوزيع…إلخ | |
| مكان النشر، التوزيع...إلخ | الجيزة : |
| اسم الناشر، الموزع...إلخ | دار هلا للنشر والتوزيع، |
| تاريخ النشر، التوزيع...إلخ | 2025. |
| 300 ## - الوصف المادي | |
| عدد الوحدات المكونة للوعاء | 227 صفحة. |
| 650 17 - مدخل إضافي بالموضوع - مصطلح موضوعي | |
| مصطلح موضوعي أو اسم جغرافي كعنصر مدخل | اللغة الانجليزية. |
| 942 ## - بيانات إضافية (كوها) | |
| نوع التنصيف | Dewey Decimal Classification |
| نوع المادة (كوها) | كتب |
| حالة السحب | حالة الفقدان | مصدر التصنيف | حالة التلف | غير قابل للإعارة | المكتبة الرئيسية | المكتبة الحالية | موقع الرف | تاريخ التزويد | الرقم المتسلسل | Total Checkouts | رقم الإستدعاء | الباركود | تاريخ آخر ظهور | تاريخ الفاتورة | نوع المادة (كوها) |
|---|---|---|---|---|---|---|---|---|---|---|---|---|---|---|---|
| Dewey Decimal Classification | المكتبة المركزية | المكتبة المركزية | الإعارة | 28/07/2025 | 1794871 | 420 / ت و ف | PLD00516636 | 28/07/2025 | 28/07/2025 | كتب | |||||
| Dewey Decimal Classification | مكتبة الأميرة ايمان العامة | مكتبة الأميرة ايمان العامة | الإعارة | 11/05/2025 | 1794872 | 420 / ت و ف | PLD00516882 | 28/07/2025 | 11/05/2025 | كتب |